000 00757nas a2200241 4500
001 BR0203029
003 BR-BrBNA
005 20231205103029.0
007 ta
008 230509b bl.|||p| |||| 00| 00por d
040 _aBR-BrBNA
_bpor
_cBiblioteca Nacional de Agricultura
041 _a(Pt)
072 _aL10
100 1 _aMarcondes, C.R.
100 1 _aZambianchi, A.R.
100 1 _aLôbo, R.B.
245 1 _aO melhoramento genético não pode se negligenciado como ferramenta efetiva de política empresarial
650 _aGADO NELORE
650 _aMELHORAMENTO GENÉTICO ANIMAL
773 0 _tAgroanalysis (Brazil)
_xISSN 0100-4298
_g(Jun 2000), v. 20(6) p. 46-47
_wBR0203029
909 _a202311
_bLúcia
_c55
_dLúcia Elande
942 _2AGRIS
_n0
_cANA
999 _c170674
_d170674